000 00295nam a22001337a 4500
008 171019b xxu||||| |||| 00| 0 eng d
020 _a9780201108873
041 _aeng
080 _a338
100 _a54
101 _aMEN
245 _aORGANIZATION TRANSITIONS
_cHARRIS.R.T
942 _2udc
_cBK
999 _c35012
_d35012